Представление документа в формате RUSMARC

ПолеНазваниеЗначение
  Тип записи a
  Библиографический уровень m
001 Контрольный номер RU\NLR\BIBL_A\010740446
005 Дата корректировки 20201206204951.8
010 Индекс ISBN __
a ISBN 978-5-9533-3685-7 (в пер.)
d Цена 1630-00; 1630-39, 2000 экз.
100 Данные общей обработки __
a Данные общей обработки 19150904d2014||||||| 0rusy0189 ca
101 Язык документа 0_
a Язык текста rus
102 Страна публикации __
a Страна публикации RU|
102 Страна публикации __
a Страна публикации RU
105 Кодированные данные (монография) __
a Кодированные данные (монография) ac||||||001zy
200 Заглавие и сведения об ответственности 1_
a Заглавие Честь московского мундира
e Сведения, относящиеся к заглавию военная и гражданская форменная одежда первопрестольной столицы второй половины XIX - начала XX века
f Первые сведения об ответственности Александр Чернушкин
b Общее обозначение материала Текст
210 Выходные данные __
a Место издания Москва
c Издательство Вече
d Дата издания 2014
215 Физическое описание __
a Объем 406, [1] с.
c Иллюстрации/тип воспроизводства цв. ил., портр.
d Формат 30 см
320 Библиография __
a Библиография Библиография: с. 402-405 и в тексте
330 Аннотация __
a Аннотация История столичного города Москвы в период со второй половины XIX века и вплоть до событий 1917 года, на фоне эволюции одного из ярчайших символов Российской империи - военного и гражданского мундира.
606 Тематические рубрики __
a Основная рубрика История
606 Тематические рубрики __
a Основная рубрика Россия в XVIII в. - 1917 г.
z Хронологическая подрубрика 19 в.
z Хронологическая подрубрика 20 в. нач.
y Географическая подрубрика Москва
y Географическая подрубрика Россия
610 Ключевые слова __
a Ключевые слова военная форма
610 Ключевые слова __
a Ключевые слова военное обмундирование
610 Ключевые слова __
a Ключевые слова военные
610 Ключевые слова __
a Ключевые слова военные мундиры
610 Ключевые слова __
a Ключевые слова города
610 Ключевые слова __
a Ключевые слова гражданская форма
610 Ключевые слова __
a Ключевые слова гражданские мундиры
610 Ключевые слова __
a Ключевые слова история одежды
610 Ключевые слова __
a Ключевые слова мундиры
610 Ключевые слова __
a Ключевые слова форменная одежда
610 Ключевые слова __
a Ключевые слова чиновники
610 Ключевые слова __
a Ключевые слова чиновничество
686 Индексы других классификаций __
2 Код системы rubbks
a Классификационный индекс 63.3(2-2Москва)-7
700 Автор _1
a Фамилия Чернушкин
b Имя А. В.
g Полное личное имя Александр Витальевич
4 Код отношения 070
801 Источник записи _0
a Страна RU
b Организация Муниципальное бюджетное учреждение культуры "Централизованная библиотечная система" г. Сургут (Центральная городская библиотека им. А. С. Пушкина)
c Дата составления 20150904
g Правила каталогизации PSBO
801 Источник записи _1
a Страна RU
b Организация Муниципальное бюджетное учреждение культуры "Централизованная библиотечная система" г. Сургут (Центральная городская библиотека им. А. С. Пушкина)
c Дата составления 20150904
g Правила каталогизации PSBO
852 Данные о местонахождении __
j Шифр хранения 63.3(2-2Москва)-7
i Авторский знак Ч-49
901 Тип документа __
t Тип документа m
a Ответственный КиК/Апакова
903 Характеристики (МАРС) __
a Дата передачи 20181128; 20150904
969 Тип издания __
a Тип издания научно-популярное издание
990 Данные о заказе (DOS) __
j Количество экземпляров (DOS) 1; 1
t N записи в КСУ для И/У (DOS) 201901; 201509